Zrození Evropanů : skutečný příběh našich předků vyprávěný geny /
Kniha se pokouší odpovědět na na to, odkud člověk pochází, co ho formuje a dělá člověkem - ve spojitosti s dvěmi tematickými okruhy, a to neolitickou revolucí a revolucí v porozumění lidské DNA.
Uloženo v:
| Hlavní autor: | |
|---|---|
| Další autoři: | , |
| Médium: | E-kniha |
| Jazyk: | Czech |
| Vydáno: |
[Brno] :
Jan Melvil Publishing,
2022
|
| Vydání: | Vydání první |
| Edice: | History (Jan Melvil Publishing)
|
| Témata: | |
| On-line přístup: | Plný text - pro registrované uživatele NK ČR |
| Tagy: |
Žádné tagy |
| LEADER | 03211nam a2200733 i 4500 | ||
|---|---|---|---|
| 001 | 311667 | ||
| 003 | CZ PrSKC | ||
| 005 | 20260601215709.0 | ||
| 007 | ta | ||
| 008 | 220926s2022 xr ab e f 000 0 cze | ||
| 015 | |a cnb003457082 | ||
| 020 | |a 9788075551658 |q (brožováno) | ||
| 035 | |a (OCoLC)1350560548 | ||
| 040 | |a BOA001 |b cze |e rda | ||
| 041 | 1 | |a cze |h ger | |
| 043 | |a e------ | ||
| 072 | 7 | |a 575 |x Obecná genetika. Obecná cytogenetika. Evoluce |2 Konspekt | |
| 080 | |a 39:94 |2 MRF | ||
| 080 | |a 572.1/.4 |2 MRF | ||
| 080 | |a 56:599.892 |2 MRF | ||
| 080 | |a 314.15 |2 MRF | ||
| 080 | |a 575.822 |2 MRF | ||
| 080 | |a 616.9 |2 MRF | ||
| 080 | |a 304 |2 MRF | ||
| 080 | |a (4) |2 MRF | ||
| 080 | |a (0.062) |2 MRF | ||
| 100 | 1 | |a Krause, Johannes, |d 1980- |7 xx0261146 |4 aut | |
| 240 | 1 | 0 | |a Reise unserer Gene. |l Česky |
| 245 | 1 | 0 | |a Zrození Evropanů : |b skutečný příběh našich předků vyprávěný geny / |c Johannes Krause a Thomas Trappe ; překlad Dagmar Heegová |
| 250 | |a Vydání první | ||
| 264 | 1 | |a [Brno] : |b Jan Melvil Publishing, |c 2022 | |
| 300 | |a 255 stran : |b ilustrace, mapy ; |c 22 cm | ||
| 336 | |a text |b txt |2 rdacontent | ||
| 337 | |a bez média |b n |2 rdamedia | ||
| 338 | |a svazek |b nc |2 rdacarrier | ||
| 490 | 1 | |a History | |
| 500 | |a Přeloženo z němčiny | ||
| 504 | |a Obsahuje bibliografii | ||
| 520 | 2 | |a Kniha se pokouší odpovědět na na to, odkud člověk pochází, co ho formuje a dělá člověkem - ve spojitosti s dvěmi tematickými okruhy, a to neolitickou revolucí a revolucí v porozumění lidské DNA. | |
| 650 | 0 | 7 | |a historická antropologie |7 ph120712 |z Evropa |2 czenas |
| 650 | 0 | 7 | |a antropogeneze |7 ph118527 |z Evropa |2 czenas |
| 650 | 0 | 7 | |a fosilní člověk |7 ph120314 |z Evropa |2 czenas |
| 650 | 0 | 7 | |a migrace obyvatelstva |7 ph115298 |z Evropa |2 czenas |
| 650 | 0 | 7 | |a evoluční genetika |7 ph120053 |2 czenas |
| 650 | 0 | 7 | |a infekční nemoci |7 ph114765 |2 czenas |
| 650 | 0 | 7 | |a infekční nemoci |7 ph114765 |x sociální aspekty |2 czenas |
| 650 | 0 | 9 | |a historical antropology |z Europe |2 eczenas |
| 650 | 0 | 9 | |a anthropogenesis |z Europe |2 eczenas |
| 650 | 0 | 9 | |a fossil man |z Europe |2 eczenas |
| 650 | 0 | 9 | |a migration |z Europe |2 eczenas |
| 650 | 0 | 9 | |a evolutionary genomics |2 eczenas |
| 650 | 0 | 9 | |a infectious diseases |2 eczenas |
| 650 | 0 | 9 | |a infectious diseases |x social aspects |2 eczenas |
| 655 | 7 | |a populárně-naučné publikace |7 fd131864 |2 czenas | |
| 655 | 9 | |a popular works |2 eczenas | |
| 700 | 1 | |a Trappe, Thomas, |d 1981- |7 xx0261174 |4 aut | |
| 700 | 1 | |a Heeg, Dagmar, |d 1982- |7 mzk20211120081 |4 trl | |
| 830 | 0 | |a History (Jan Melvil Publishing) | |
| 856 | 4 | 1 | |u https://www.bookport.cz/AccountSaml/SignIn/?idp=https%3A%2F%2Fshibboleth.nkp.cz%2Fidp%2Fshibboleth&returnUrl=/kniha/zrozeni-evropanu-10981/ |y Plný text - pro registrované uživatele NK ČR |4 N |
| 900 | |a ABA001 |b 20 | ||
| 044 | |a xr | ||
| 910 | |a RBIT002 | ||
| 998 | |d 360383 |a https://core.palmknihy.cz/api/books/360383/cover?rig6u4 |b https://core.palmknihy.cz/api/books/360383/cover/400?rig6u4 |c https://core.palmknihy.cz/api/books/360383/cover/50?rig6u4 |e |g 256 |i 9788075551658 |j https://core.palmknihy.cz/api/books/360383/preview.epub |l |q 49 |r 1 |s https://www.palmknihy.cz/kniha/360383 |t ebook |y 2022 |z 0 | ||
| 999 | |d 311665 | ||